Tarascon pocket pharmacopoeia : (Record no. 13919)
[ view plain ]
| 000 -LEADER | |
|---|---|
| fixed length control field | 00747cas a2200253 a 4500 |
| 003 - CONTROL NUMBER IDENTIFIER | |
| control field | OSt |
| 005 - DATE AND TIME OF LATEST TRANSACTION | |
| control field | 20140310182511.0 |
| 008 - FIXED-LENGTH DATA ELEMENTS--GENERAL INFORMATION | |
| fixed length control field | 100830c200u9999mauar | a0eng |
| 010 ## - LIBRARY OF CONGRESS CONTROL NUMBER | |
| LC control number | 2010208819 |
| 020 ## - INTERNATIONAL STANDARD BOOK NUMBER | |
| International Standard Book Number | 9780763777685 |
| 020 ## - INTERNATIONAL STANDARD BOOK NUMBER | |
| International Standard Book Number | 9780763777708 |
| 050 00 - LIBRARY OF CONGRESS CALL NUMBER | |
| Classification number | RS 139 |
| Item number | .T177 2010 |
| 222 #0 - KEY TITLE | |
| Key title | Tarascon pharmacopoeia |
| 245 00 - TITLE STATEMENT | |
| Title | Tarascon pocket pharmacopoeia : |
| Statement of responsibility, etc | edited by; Richard J. Hamilton |
| Remainder of title | 2010 deluxe lab coat pocket edition / |
| 246 1# - VARYING FORM OF TITLE | |
| Title proper/short title | Pharmacopoeia |
| 250 ## - EDITION STATEMENT | |
| Edition statement | Library ed. |
| 260 ## - PUBLICATION, DISTRIBUTION, ETC. (IMPRINT) | |
| Place of publication, distribution, etc | Sudbury, Mass. : |
| Name of publisher, distributor, etc | Jones & Bartlett |
| Date of publication, distribution, etc | c2010. |
| 300 ## - PHYSICAL DESCRIPTION | |
| Extent | 328p. : |
| Other physical details | ill. ; |
| Dimensions | 25 cm |
| 310 ## - CURRENT PUBLICATION FREQUENCY | |
| Current publication frequency | Annual |
| 650 #0 - SUBJECT ADDED ENTRY--TOPICAL TERM | |
| Topical term or geographic name as entry element | Drugs |
| General subdivision | Dosage |
| Form subdivision | Handbooks, manuals, etc. |
| 9 (RLIN) | 9036 |
| 942 ## - ADDED ENTRY ELEMENTS (KOHA) | |
| Source of classification or shelving scheme | Library of Congress Classification |
| Koha item type | |
| Withdrawn status | Lost status | Source of classification or shelving scheme | Damaged status | Home library | Current library | Shelving location | Date acquired | Total Checkouts | Full call number | Barcode | Date last seen | Date checked out | Copy number | Price effective from | Koha item type |
|---|---|---|---|---|---|---|---|---|---|---|---|---|---|---|---|
| Library of Congress Classification | South SEED-LPDH College Library | South SEED-LPDH College Library | South SEED-LPDH College Section | 08/08/2013 | 1 | RS 139 .T177 2010 | SSLC1187 | 05/15/2018 | 12/11/2017 | 1 | 08/08/2013 | Books |